|
|
|
|
| LEADER |
01063nam a2200205 a 4500 |
| 001 |
GR-MES14512 |
| 008 |
080529s2001 gr 000 0 gre d |
| 040 |
|
|
|a GrPaTEI
|b gre
|c GR-PaULI
|
| 040 |
|
|
|a GrPaTEI
|b gre
|c GR-PaULI
|
| 082 |
|
0 |
|a 230
|2 21
|
| 100 |
0 |
|
|a Μελχισέδεκ
|
| 245 |
1 |
2 |
|a Ο γέροντας Υάκινθος Ουντσιουλεάκ (1924-1998) :
|b Βίος και λόγοι /
|c Αρχιμανδρίτου Μελχισέδεκ.
|
| 260 |
|
|
|a Θεσσαλονίκη :
|b Ορθόδοξος κυψέλη,
|c 2001
|
| 300 |
|
|
|a 286 σ. :
|b εικ. ;
|c 24 εκ.
|
| 500 |
|
|
|a Μετάφρασις-επιμέλεια Υπό αδελφών της Ιεράς μονής οσίου Γρηγορίου Αγίου όρους.
|
| 650 |
|
4 |
|a ΘΕΟΛΟΓΙΑ
|
| 942 |
|
|
|2 ddc
|
| 952 |
|
|
|0 0
|1 0
|2 ddc
|4 0
|6 230_000000000000000_ΜΕΛ
|7 0
|9 272518
|a MSLG
|b MSLG
|c BSC
|d 2021-01-17
|e 24
|f 0
|g 0.00
|l 0
|o 230 ΜΕΛ
|p 2420000023041
|r 2021-01-17 00:00:00
|t 1
|w 2021-01-17
|y BK15
|x 20080529 0 ΤΣΑΝΤΑΡΛΙΩΤΗ 1
|x GrPaTEI
|
| 971 |
|
|
|a .b25805617
|b 16-04-20
|c 13-09-16
|
| 999 |
|
|
|c 157626
|d 157626
|